| 000 | 00828nam a2200265Ia 4500 | ||
|---|---|---|---|
| 003 | GCL | ||
| 008 | 140319s9999 xx 000 0 ara d | ||
| 040 |
_aGCL / _cGCL |
||
| 082 | 0 | 4 |
_a301.2 _bع ف |
| 100 | 1 | _aعلى اومليل | |
| 245 | 1 | 0 |
_aفى التراث والتجاوز / _cعلى اومليل |
| 260 |
_a[S.N] : _bالمركز الثقافى العربى ، _c1990 |
||
| 300 | _a111 ص | ||
| 490 | _a | ||
| 650 | 0 | 4 | _aالمجتمع |
| 650 | 0 | 4 | _aالتراث |
| 650 | 0 | 4 | _aالتنمية الاجتماعية |
| 650 | 0 | 4 | _aالاجتماع |
| 650 | 0 | 4 | _aالثقافة العربية |
| 650 | 0 | 4 | _aابن خلدون |
| 650 | 0 | 4 | _aالتطور الاجتماعى |
| 650 | 0 | 4 | _aالتكيف الاجتماعى |
| 650 | 0 | 4 | _aابن رشد، ابوالوليد محمد بن احمد |
| 942 |
_2ddc _cBK |
||
| 999 |
_c36136 _d36136 |
||